[Event "IECG CP.2006.P.00038 email"]
[Site "IECG email"]
[Date "2006.10.01"]
[Round "?"]
[White "Natal Gomes, Marcos Antonio"]
[Black "Roth, Christian"]
[Result "0-1"]
[WhiteElo "1500"]
[BlackElo "819"]
[PlyCount "56"]
[EventDate "2006.10.01"]
[EventType "tourn (corr)"]
[EventRounds "6"]
[SourceTitle "Corr 2011"]
[Source "ChessBase"]
[SourceDate "2010.08.31"]
[SourceVersion "1"]
[SourceVersionDate "2010.08.31"]
[SourceQuality "1"]

1. d4 e6 2. c4 Nf6 3. Nf3 Bb4+ 4. Nc3 d5 5. Bg5 h6 6. Bh4 Nc6 7. e3 0-0 8. Be2 b6 9. 0-0 Bxc3 10. bxc3 Bb7 11. h3 Na5 12. cxd5 Bxd5 13. Qc2 Be4 14. Qd2 Qd5 15. Bxf6 gxf6 16. Nh4 Nc4 17. Bxc4 Qxc4 18. f4 Qd5 19. Qf2 Kh7 20. f5 e5 21. c4 Qxc4 22. Rac1 Qd5 23. Rxc7 Rfc8 24. Rfc1 Rxc7 25. Rxc7 Qd6 26. Rc3 exd4 27. exd4 Rd8 28. a3 Qxd4 0-1

[Event "IECG QD.2006.0.00094 email"]
[Site "IECG email"]
[Date "2006.08.31"]
[Round "?"]
[White "Gamazo, Juan"]
[Black "Natal Gomes, Marcos Antonio"]
[Result "1-0"]
[WhiteElo "1566"]
[BlackElo "1500"]
[PlyCount "35"]
[EventDate "2006.08.31"]
[EventType "tourn (corr)"]
[EventRounds "6"]
[SourceTitle "Corr 2011"]
[Source "ChessBase"]
[SourceDate "2010.08.31"]
[SourceVersion "1"]
[SourceVersionDate "2010.08.31"]
[SourceQuality "1"]

1. e4 e5 2. Bc4 Nf6 3. d4 Nxe4 4. dxe5 c6 5. Qe2 Qa5+ 6. Nd2 Nxd2 7. Bxd2 Qb6 8. 0-0-0 Be7 9. Qg4 g6 10. Qf3 d5 11. exd6 Be6 12. Re1 Bxd6 13. Qf6 Rf8 14. Bxe6 Be7 15. Bf5 Qc7 16. Bg5 Kd8 17. Rxe7 Nd7 18. Rxd7+ 1-0

[Event "IECG QD.2006.0.00094 email"]
[Site "IECG email"]
[Date "2006.08.31"]
[Round "?"]
[White "Natal Gomes, Marcos Antonio"]
[Black "Gamazo, Juan"]
[Result "0-1"]
[WhiteElo "1500"]
[BlackElo "1566"]
[PlyCount "64"]
[EventDate "2006.08.31"]
[EventType "tourn (corr)"]
[EventRounds "6"]
[SourceTitle "Corr 2011"]
[Source "ChessBase"]
[SourceDate "2010.08.31"]
[SourceVersion "1"]
[SourceVersionDate "2010.08.31"]
[SourceQuality "1"]

1. d4 Nf6 2. c4 e6 3. Nc3 Bb4 4. a3 Bxc3+ 5. bxc3 b6 6. Nf3 Ba6 7. e3 Nc6 8. Be2 0-0 9. 0-0 Ne4 10. Bb2 Na5 11. Qa4 d5 12. Ne5 f6 13. Nc6 Qe8 14. Rfe1 Bxc4 15. Bxc4 Nxc4 16. Bc1 Na5 17. f3 Nxc3 18. Qb4 Qxc6 19. Bd2 Nb5 20. Rec1 Nc4 21. Be1 a5 22. Qb3 e5 23. a4 Nbd6 24. Bg3 exd4 25. exd4 Rfe8 26. Qd1 Qd7 27. Bf4 Re6 28. Rab1 Rae8 29. Ra1 Re2 30. Rc2 Re1+ 31. Qxe1 Rxe1+ 32. Rxe1 Qf5 0-1

[Event "IECG CD.2006.0.00113 email"]
[Site "IECG email"]
[Date "2006.08.27"]
[Round "?"]
[White "Natal Gomes, Marcos Antonio"]
[Black "Buckle, Rodney"]
[Result "1-0"]
[WhiteElo "1500"]
[BlackElo "1490"]
[PlyCount "95"]
[EventDate "2006.08.27"]
[EventType "tourn (corr)"]
[EventRounds "6"]
[SourceTitle "Corr 2011"]
[Source "ChessBase"]
[SourceDate "2010.08.31"]
[SourceVersion "1"]
[SourceVersionDate "2010.08.31"]
[SourceQuality "1"]

1. d4 d5 2. c4 dxc4 3. Nc3 Nc6 4. Nf3 Nf6 5. Bg5 Nd5 6. e3 Nxc3 7. bxc3 f6 8. Bh4 g5 9. Bg3 Bg4 10. Bxc4 Qd7 11. Be2 0-0-0 12. 0-0 h5 13. h3 Bf5 14. Nd2 g4 15. hxg4 hxg4 16. e4 Bg6 17. Bxg4 f5 18. exf5 Bxf5 19. Bxf5 Qxf5 20. Nf3 e6 21. Qb3 Na5 22. Qa4 Qh7 23. Nh2 Bd6 24. f4 Rdg8 25. Rf3 Rxg3 26. Rxg3 Qxh2+ 27. Kf2 Bxf4 28. Rf3 Rg8 29. Rg1 Bg3+ 30. Kf1 Nc6 31. Qb3 Nd8 32. Qb5 c6 33. Qd3 Rg5 34. c4 Rg4 35. Qc3 e5 36. dxe5 Bxe5 37. Qd3 Kc7 38. Rf2 Bd4 39. Qh3 Qxh3 40. gxh3 Rxg1+ 41. Kxg1 Kd6 42. Kg2 Bxf2 43. Kxf2 Kc5 44. Ke3 Kxc4 45. h4 Kb4 46. Kd4 c5+ 47. Ke4 c4 48. Ke3 1-0

[Event "IECG TG.2006.0.15642 email"]
[Site "IECG email"]
[Date "2006.08.27"]
[Round "2"]
[White "Natal Gomes, Marcos Antonio"]
[Black "James, Michael"]
[Result "0-1"]
[WhiteElo "1500"]
[BlackElo "1549"]
[PlyCount "50"]
[EventDate "2006.08.27"]
[EventType "tourn (corr)"]
[EventRounds "6"]
[SourceTitle "Corr 2011"]
[Source "ChessBase"]
[SourceDate "2010.08.31"]
[SourceVersion "1"]
[SourceVersionDate "2010.08.31"]
[SourceQuality "1"]

1. d4 Nf6 2. c4 g6 3. b3 d5 4. Nc3 dxc4 5. bxc4 c5 6. Nf3 cxd4 7. Nxd4 e5 8. Nf3 Qxd1+ 9. Nxd1 Nc6 10. e3 Nb4 11. Kd2 Ne4+ 12. Ke2 Be6 13. Nxe5 Bd6 14. Nd3 Bxc4 15. Kf3 Ng5+ 16. Kg4 Be6+ 17. Kxg5 h6+ 18. Kh4 g5+ 19. Kh5 f5 20. Kg6 Rg8+ 21. Kh7 Rc8 22. Bb2 Rc7+ 23. Kxh6 Bf8+ 24. Bg7 Rcxg7 25. Nc3 Rh8# 0-1